Interiér poloautonómneho rodinného vozidla 2035
Gespeichert in:
| 1. Verfasser: | |
|---|---|
| Weitere Verfasser: | |
| Format: | Manuskript Buch |
| Sprache: | Slowakisch |
| Veröffentlicht: |
Bratislava
2022
|
| Schlagworte: | |
| Online-Zugang: | http://is.stuba.sk/zp/portal_zp.pl?podrobnosti=152726 |
| Tags: |
Keine Tags, Fügen Sie das erste Tag hinzu!
|
MARC
| LEADER | 00000ntm a22000003a 4500 | ||
|---|---|---|---|
| 001 | stuzp90250 | ||
| 003 | SK-STU | ||
| 005 | 20221027095021.3 | ||
| 007 | ta | ||
| 008 | 150427s2015----xo-----f-mn---000-0-slo-d | ||
| 040 | |a STU |b slo | ||
| 041 | 0 | |a slo | |
| 100 | 1 | |a Kolek, Róbert |u 059190 |4 aut |U FAD Fakulta architektúry a dizajnu |T FAD Ústav dizajnu |X 99335 |U A9190 |Y 400 |7 99335 | |
| 242 | 0 | 1 | |a Interior of semi-autonomous family car 2035 |y eng |
| 245 | 1 | 0 | |a Interiér poloautonómneho rodinného vozidla 2035 |
| 260 | |c 2022 |a Bratislava | ||
| 650 | 4 | |a rodina |2 slo | |
| 650 | 4 | |a interiér |2 slo | |
| 650 | 4 | |a modularita |2 slo | |
| 650 | 4 | |a family |2 eng | |
| 650 | 4 | |a interior |2 eng | |
| 650 | 4 | |a modularity |2 eng | |
| 700 | 1 | |a Lipková, Michala |u 059190 |k Z1 |4 ths |U FAD Fakulta architektúry a dizajnu |T FAD Ústav dizajnu |X 15371 |U A9190 |Y 400 |7 A000015371 | |
| 856 | 4 | |u http://is.stuba.sk/zp/portal_zp.pl?podrobnosti=152726 |u https://opac.crzp.sk/?fn=detailBiblioForm&sid=A770A18E340C6018B081E2BDD5C2 | |